Loading...

Communication theories and models /

Bibliographic Details
Main Author: Andal, N.
Language:Undetermined
Published: Mumbai : Himalaya Publishing House , 2005.
Subjects:
LEADER 00599nam a2200181Ia 4500
001 157987
008 170722s9999 xx 000 0 und d
020 |a 8183183018 
100 |a Andal, N. 
245 |a Communication theories and models / 
260 |a Mumbai :  |b Himalaya Publishing House ,  |c 2005. 
300 |a xviii+232 
653 |a Communication Theory 
653 |a Library Science 
923 |d 20080829  |n MBC-1278/0 
942 |c GEN 
999 |c 137492  |d 137492 
952 |0 0  |1 0  |4 0  |6 13_N8  |7 0  |9 194222  |a LIB  |b LIB  |d 2013-03-25  |e Modern Book Centre  |l 3  |o 1:3 N8  |p 268385  |r 2018-10-21  |s 2018-09-18  |v 160.00  |w 2017-08-12  |y GEN